Profiles of Gandhi:America Remembers a World Leader (Record no. 44334)

MARC details
000 -LEADER
fixed length control field 00446nam a2200145Ia 4500
008 - FIXED-LENGTH DATA ELEMENTS--GENERAL INFORMATION
fixed length control field 211109s9999||||xx |||||||||||||| ||und||
082 ## - DEWEY DECIMAL CLASSIFICATION NUMBER
Classification number 954.045
Item number COU-P
100 ## - MAIN ENTRY--PERSONAL NAME
Personal name Cousins, Norman
245 #0 - TITLE STATEMENT
Title Profiles of Gandhi:America Remembers a World Leader
260 ## - PUBLICATION, DISTRIBUTION, ETC.
Name of publisher, distributor, etc. Indian Eathest
Place of publication, distribution, etc. Delhi
Date of publication, distribution, etc. 1969
300 ## - PHYSICAL DESCRIPTION
Extent 236p
630 ## - SUBJECT ADDED ENTRY--UNIFORM TITLE
General subdivision GENERAL STACK
650 ## - SUBJECT ADDED ENTRY--TOPICAL TERM
Topical term or geographic name entry element South Asia; India
942 ## - ADDED ENTRY ELEMENTS (KOHA)
Koha item type BOOK
650 ## - SUBJECT ADDED ENTRY--TOPICAL TERM
Form subdivision History of Asia; Far East
General subdivision History & geographyGeneralia
Holdings
Withdrawn status Lost status Damaged status Not for loan Home library Current library Date acquired Cost, normal purchase price Total Checkouts Full call number Barcode Shelving location Date last seen Price effective from Koha item type
        SB LIBRARY SB LIBRARY 09/11/2021 6.50   954.045 COU-P 00086276 GENERAL STACK 09/11/2021 09/11/2021 BOOK

Powered by Koha